Profile: Michael Scott Quiz Stats

 Plays Quiz Updated Oct 9, 2018

Score 0/40 Timer 08:00
33 Plays Today
% Correct
What company does Michael currently work at?Dunder Mifflin Paper Company, Inc. - A Division of Sabre
95.6%
What is Michael's job title at the Scranton branch?Regional Manager
92.5%
Michael is played by what actor?Steve Carell
86.6%
What is Michael's most common catch phrase?That's what she said!
84.6%
Who does Michael take to Jamaica with him?Jan
69.5%
Michael started his own paper company called what?The Michael Scott Paper Company
66.2%
What character did Michael hit with his car?Meredith
62.2%
Michael kisses his boss, Jan, outside of what restaurant?Chili's
59.7%
Who does Michael call, claiming he's Eddie Murphy?Ryan
55.1%
What co-worker was a classmate of Michael's?Phyllis
54.9%
Who slaps Michael for his racist comments?Kelly
54%
Michael starts a fun run to beat what disease?Rabies
50.1%
Michael is taught the phrase 'dinkin' flicka' from which character?Darryl
45.9%
Who is Michael's BFF?Todd F. Packer
42.8%
Who beats Michael at poker on the first hand?Toby
39.1%
Who does Michael impersonate that leads to the branch having a Diversity Day?Chris Rock
37.8%
What is the name of Michael's former boss who was decapitated? Ed Truck
36.9%
What restaurant does Michael call, hoping for a 'hot and juicy redhead?'Wendy's
36.8%
What was Michael's favorite subject in school?Recess
34.8%
Michael accidentally got high at whose concert?Alicia Keys
31.6%
% Correct
Michael claims that he is not superstitious, but that he is what?A little stitious
30.5%
What is Michael's computer password?1234
28%
What store did Michael get his 'World's Best Boss' mug at?Spencer's Gifts
26.9%
How much money does Michael have to pay for killing a koi?$300
26.5%
What is Michael's middle name?Gary
25.3%
What celebrity does Michael share his birthday with?Eva Longoria
22.6%
What is Michael's greatest fear?Nothing...or snakes
21.3%
Michael compares the office to what TV show?Friends
21%
What is the name of Michael's screenplay?Threat Level: Midnight
20.4%
What is the name of the brand of the woman's suit Michael wears?MissTerious
18.6%
Who does Michael fire on Halloween?Devon
17.5%
Who does Michael say is his 'soup snake'?Holly
17%
What is the name of Pam's mom, Michael's former girlfriend?Helene
16.6%
What part Native American does Michael claim he is?2/15
15.3%
Michael appeared on what children's TV show?Fundle Bundle
11.1%
Michael and Jan's safe word is what?Foliage
10.8%
If Michael got a tattoo on his back, what would it say?Back to the Future
9.7%
What is the name of Michael's diversity day program?Diversity Tomorrow
7.9%
What does Michael name his talking computer?Harvey
5.7%
What is the exact time Michael was born?11:23
4.1%

You're not logged in!

Compare scores with friends on all Sporcle quizzes.
OR
Log In

Sporcle TV

Today on Sporcle TV


Watch our educational content, quiz creation guides, and fun videos on Sporcle TV.

Show Comments

Extras

Top Quizzes Today


Score Distribution

Your Account Isn't Verified!

In order to create a playlist on Sporcle, you need to verify the email address you used during registration. Go to your Sporcle Settings to finish the process.

Report this User

Report this user for behavior that violates our Community Guidelines.

Details: